| 000 | 00387nam a22001457a 4500 | ||
|---|---|---|---|
| 020 | _a9788192451824 | ||
| 082 |
_aH 891.43 _bSHA/V |
||
| 100 | _aShanker A Rathod | ||
| 245 |
_aVasthunishta hindi prathiyogitha: _bUGC NET/SET/ _cby Shanker A Rathod |
||
| 260 |
_aKanpur: _bNisha Publication, _c2013. |
||
| 300 | _a432p. | ||
| 650 | _aLiterature Hindi | ||
| 650 | _aLiterature | ||
| 942 | _cBK | ||
| 999 |
_c58794 _d58794 |
||